00372 2200145 4500001002100000005001500021035002000036082000800056084001400064100002000078245006500098260003900163300001200202990001200214INLIS00000000000197920250527073100 a0010-0525000271 a100 a100 MOH p0 aMohammad Asrori1 aPsikologi Pembelajaran /cProf. Dr. H. Mohammad Asrori, M.Pd aBandung :bCV. Wacana Prima,c2007 a264 hlm a0713510